00214nam a2200085Ia 4500001000800000005001700008008004100025245004300066260001900109120640120251010110913.0250824s9999 xx 000 0 und d 0aYAZININ YÜKÜ cABDULLAH HARMANCI bİZ YAYINLARI